| 000 | 01071nam a2200229Ia 4500 | ||
|---|---|---|---|
| 003 | Ost | ||
| 005 | 20260507075313.0 | ||
| 008 | 260507s9999||||xx |||||||||||||| ||und|| | ||
| 020 | _a9789957504373 | ||
| 040 | _cfsecg | ||
| 041 | _aara | ||
| 082 | _a331.2592 | ||
| 100 |
_aموسى، فتحي محمد _eمؤلف |
||
| 245 | 0 |
_aالتوجيه المهني في المؤسسات الصناعية / _c فتحي محمد موسى |
|
| 260 |
_aعمان: _bدار زهران للنشر والتوزيع, _c2012 |
||
| 300 |
_a282 صفحة؛ _bإيضاحات ؛ _c25 سم |
||
| 520 | _aمدخل إلى علم النفس و خصائصه، أهدافه و فروعه، التوجيه و الاختيار المهني، التأهيل المهني لاصحاب الاعاقة، التدريب المهني، دراسة الفرد و طرق هذه الدراسة و أخيرا تحليل الاعمال المهنية | ||
| 653 | _aالتدريب المهني | ||
| 653 | _aالتعليم الصناعي | ||
| 653 | _aالمؤسسات الصناعية | ||
| 942 | _cكتاب | ||
| 999 |
_c43880 _d43880 |
||